Cognición y psicoterapia
Zapisane w:
| Główni autorzy: | , |
|---|---|
| Format: | Książka |
| Język: | hiszpański |
| Wydane: |
Barcelona
Paidos
1988
|
| Seria: | Cognicion y Desarrollo Humano, 16
|
| Hasła przedmiotowe: | |
| Etykiety: |
Dodaj etykietę
Nie ma etykietki, Dołącz pierwszą etykiete!
|
MARC
| LEADER | 00000nam a2200000 a 4500 | ||
|---|---|---|---|
| 001 | UCX8045 | ||
| 003 | CL-VaPUC | ||
| 008 | 940120e19880000SP |||||||||||||||||spa|d | ||
| 020 | |a 8475094813 | ||
| 082 | 0 | 4 | |a 616.8914 |b MAH |2 21 |
| 100 | |a Mahoney, Michael J. |e autor |9 430912 | ||
| 700 | 0 | |a Freeman, Arthur |e author |9 325062 | |
| 245 | 1 | 0 | |a Cognición y psicoterapia |
| 300 | |a 380 p | ||
| 942 | |c BK | ||
| 945 | |d 19940120 00:00:00 |a rbrito | ||
| 260 | |a Barcelona |b Paidos |c 1988 | ||
| 650 | 7 | |a TERAPIA COGNITIVA |2 CL-VaPUC |9 325063 | |
| 650 | 7 | |a PSICOTERAPIA |2 CL-VaPUC |9 325064 | |
| 583 | |a last modification |c 19940120 00:00:00 |k Rodrigo Vera | ||
| 490 | 0 | |a Cognicion y Desarrollo Humano, 16 | |
| 999 | |c 227672 |d 227670 | ||
| 952 | |0 0 |1 0 |4 0 |6 616_891400000000000_MAH_1988 |7 0 |8 A |9 226837 |a BIBEDU |b BIBEDU |c ES_NOD |d 2019-11-15 |i 2947617 |o 616.8914 MAH 1988 |p 2947617 |r 2023-08-09 |w 2019-11-15 |y BK |k EDU | ||
| 952 | |0 0 |1 0 |4 0 |6 616_891400000000000_MAH_1988 |7 0 |8 A |9 226838 |a BIBEDU |b BIBEDU |c ES_NOD |d 2019-11-15 |i 4374347 |o 616.8914 MAH 1988 |p 4374347 |r 2023-08-09 |w 2019-11-15 |y BK |k PSI | ||